Antisociálne správanie v online komunitách

Gespeichert in:
Bibliographische Detailangaben
1. Verfasser: Stupavský, Igor (Verfasst von)
Weitere Verfasser: Vranić, Valentino (Betreuung Doktorarbeit)
Format: Manuskript Buch
Sprache:Slowakisch
Veröffentlicht: 2024
Schlagworte:
Online-Zugang:http://is.stuba.sk/zp/portal_zp.pl?podrobnosti=173395
Tags: Tag hinzufügen
Keine Tags, Fügen Sie das erste Tag hinzu!

MARC

LEADER 00000ntm a22000003a 4500
001 stuzp91942
003 SK-STU
005 20240831210440.6
007 ta
008 150427s2015----xo-----f-mn---000-0-slo-d
040 |a STU  |b slo 
041 0 |a slo 
100 1 |a Stupavský, Igor  |u 070200  |4 aut  |U FIIT Fakulta informatiky a informačných technológií  |T FIIT Ústav informatiky, informačných systémov a softvérového inžinierstva  |X 50946  |U I200  |Y 179  |7 50946 
242 0 1 |a Antisocial behavior in online communities  |y eng 
245 1 0 |a Antisociálne správanie v online komunitách 
260 |c 2024 
650 4 |a Spracovanie prirodzeného jazyka  |2 slo 
650 4 |a Sociálne siete  |2 slo 
650 4 |a Forenzná analýz  |2 slo 
650 4 |a Antisociálne správanie  |2 slo 
650 4 |a Analýza sociálnych sietí  |2 slo 
650 4 |a Forensic analysis  |2 eng 
650 4 |a Proposal for social network analysis  |2 eng 
650 4 |a antisocial behavior  |2 eng 
650 4 |a Natural language processing  |2 eng 
650 4 |a Social network  |2 eng 
700 1 |a Vranić, Valentino  |4 ths  |X 4235  |7 4235 
856 4 |u http://is.stuba.sk/zp/portal_zp.pl?podrobnosti=173395